000 00505nam a2200205Ia 4500
003 0100
008 130303s9999 xx 000 0 und d
040 _cARRUPELIB
050 _aBX1939.M3C855 2005
100 _aCouncil four Legislative texts
245 _aDignitas connubii
260 _aLondon
260 _bCatholic Truth Society
260 _C2005
300 _a105p.
300 _b 21cm.
650 _bWittgenstein, Ludwig
650 _cTractatus logico-philosophicus
942 _2lcc
_01
999 _c62845
_d62845